Estudios de historia de la filosofía (Record no. 33810)

MARC details
000 -LEADER
campo de control de longitud fija 00861nam a2200253 i 4500
001 - NÚMERO DE CONTROL
campo de control 33810
003 - IDENTIFICADOR DE NÚMERO DE CONTROL
campo de control ES-MaACL
005 - FECHA Y HORA DE LA ÚLTIMA TRANSACCIÓN
campo de control 20230906154827.0
007 - CAMPO FIJO DE DESCRIPCIÓN FÍSICA--INFORMACIÓN GENERAL
campo de control de longitud fija t|
008 - DATOS DE LONGITUD FIJA--INFORMACIÓN GENERAL
campo de control de longitud fija 030203s1985 sp ||||1| spa d
020 ## - NÚMERO INTERNACIONAL ESTÁNDAR DEL LIBRO
Número Internacional Estándar del Libro 84-7444-194-3
100 1# - ENTRADA PRINCIPAL--NOMBRE DE PERSONA
Nombre de persona Bobbio, Norberto.
9 (RLIN) 29645
245 10 - MENCIÓN DEL TÍTULO
Título Estudios de historia de la filosofía
Resto del título : de Hobbes a Gramsci /
Mención de responsabilidad, etc. Norberto Bobbio ; estudio preliminar de Alfonso Ruiz Miguel ; [versión de Juan Carlos Bayón].
250 ## - MENCION DE EDICION
Mención de edición [1ª ed.].
260 ## - PUBLICACIÓN, DISTRIBUCIÓN, ETC.
Lugar de publicación, distribución, etc. Madrid :
Nombre del editor, distribuidor, etc. Debate,
Fecha de publicación, distribución, etc. 1985.
300 ## - DESCRIPCIÓN FÍSICA
Extensión 364 p. ;
Dimensiones 23 cm.
490 1# - MENCIÓN DE SERIE
Mención de serie Colección universitaria. Derecho
700 1# - ENTRADA AGREGADA--NOMBRE PERSONAL
Nombre de persona Ruiz Miguel, Alfonso.
9 (RLIN) 100876
700 1# - ENTRADA AGREGADA--NOMBRE PERSONAL
Nombre de persona Bayón, Juan Carlos.
9 (RLIN) 26709
830 0# - PUNTO DE ACCESO ADICIONAL DE SERIE-TÍTULO UNIFORME
Título uniforme Colección universitaria. Derecho
9 (RLIN) 181499
852 ## - LOCALIZACIÓN
Ubicación ES-MaACL
Número de control de estantería L-9253
Sublocalización o colección R.110672
852 ## - LOCALIZACIÓN
Ubicación ES-MaACL
Número de control de estantería L-9625
Sublocalización o colección R.111417
Holdings
Estatus retirado Estado de pérdida Estado de daño No para préstamo Biblioteca de origen Biblioteca actual Ubicación en estantería Fecha de adquisición Fuente de adquisición Total de préstamos Signatura topográfica completa Código de barras Visto por última vez Precio de reemplazo Tipo de ítem Koha
        Biblioteca del Ateneo de Madrid Biblioteca del Ateneo de Madrid Depósito 2 17/01/2008     L-9625 1035194 23/02/2023 23/02/2023 Libro impreso
        Biblioteca del Ateneo de Madrid Biblioteca del Ateneo de Madrid Depósito 2 17/01/2008     L-9253 1035193 23/02/2023 23/02/2023 Libro impreso